Homenaje a Dalmacio Vélez Sársfield: bicentenario de su nacimiento, 1800-2000

Bewaard in:
Bibliografische gegevens
Formaat: Boek
Taal:Spaans
Gepubliceerd in: Córdoba Academia Nacional de Derecho y Ciencias Sociales de Córdoba 2000
Onderwerpen:
Tags: Voeg label toe
Geen labels, Wees de eerste die dit record labelt!

MARC

LEADER 00000nam a2200000 a 4500
001 UCO9277
003 CL-VaPUC
008 010125e20000000AG |||||||||||||||||spa|d
082 0 4 |a 346.82  |b HOM  |2 21 
245 1 0 |a Homenaje a Dalmacio Vélez Sársfield: bicentenario de su nacimiento, 1800-2000 
300 |a 5 v 
942 |c BK 
945 |d 20010125 00:00:00  |a cmena 
260 |a Córdoba  |b Academia Nacional de Derecho y Ciencias Sociales de Córdoba  |c 2000 
600 0 |a Vélez Sarsfield, Dalmacio  |9 449047 
650 0 |a Código civil argentino  |9 395109 
650 0 |a Derecho civil  |9 255013 
650 0 |a Historia del derecho  |9 255109 
650 0 |a Biografías  |9 255210 
583 |a last modification  |c 20010125 00:00:00  |k Rodrigo Vera 
999 |c 293539  |d 293537 
952 |0 0  |1 0  |4 0  |6 346_820000000000000_HOM_2000  |7 0  |8 A  |9 345119  |a BIBDER  |b BIBDER  |d 2019-11-20  |h v.1  |i 3671496  |o 346.82 HOM 2000  |p 3671496  |r 2023-01-25  |w 2019-11-20  |y BK  |k DER 
952 |0 0  |1 0  |4 0  |6 346_820000000000000_HOM_2000  |7 0  |8 A  |9 345120  |a BIBDER  |b BIBDER  |d 2019-11-20  |h v.2  |i 367150K  |o 346.82 HOM 2000  |p 367150K  |r 2023-01-25  |w 2019-11-20  |y BK  |k DER 
952 |0 0  |1 0  |4 0  |6 346_820000000000000_HOM_2000  |7 0  |8 A  |9 345121  |a BIBDER  |b BIBDER  |d 2019-11-20  |h v.3  |i 3671518  |o 346.82 HOM 2000  |p 3671518  |r 2023-01-25  |w 2019-11-20  |y BK  |k DER 
952 |0 0  |1 0  |4 0  |6 346_820000000000000_HOM_2000  |7 0  |8 A  |9 345122  |a BIBDER  |b BIBDER  |d 2019-11-20  |h v.4  |i 3671526  |o 346.82 HOM 2000  |p 3671526  |r 2023-01-25  |w 2019-11-20  |y BK  |k DER 
952 |0 0  |1 0  |4 0  |6 346_820000000000000_HOM_2000  |7 0  |8 A  |9 345123  |a BIBDER  |b BIBDER  |d 2019-11-20  |h v.5  |i 3671534  |o 346.82 HOM 2000  |p 3671534  |r 2023-01-25  |w 2019-11-20  |y BK  |k DER